Normal view
MARC view
- Smyth, J. W. comp.
Entry Personal Name
001 - CONTROL NUMBER
- control field: 1325
003 - CONTROL NUMBER IDENTIFIER
- control field: NUST
005 - DATE AND TIME OF LATEST TRANSACTION
- control field: 20170523125536.0
008 - FIXED-LENGTH DATA ELEMENTS
- fixed length control field: 170523|| aca||aabn | a|a d
040 ## - CATALOGING SOURCE
- Original cataloging agency: NUST
- Transcribing agency: NUST
100 ## - HEADING--PERSONAL NAME
- Personal name: Smyth, J. W. comp.
670 ## - SOURCE DATA FOUND
- Source citation: Work cat.: (NUST): Smyth, J. W. comp., Gazetteer of the province of sind, thar and parkar district, 2005
